[Event "Pocos de Caldas op"]
[Site "Pocos de Caldas"]
[Date "2023.03.17"]
[Round "2"]
[White "Pereira, Arthur Macedo"]
[Black "Rodrigo da Silva, Edson"]
[Result "1/2-1/2"]
[WhiteElo "1702"]
[BlackElo "1955"]
[PlyCount "45"]
[EventDate "2023.03.17"]
[EventType "swiss"]
[EventRounds "6"]
[EventCountry "BRA"]
[SourceTitle "EXT 2024"]
[Source "ChessBase"]
[SourceDate "2023.10.10"]
[SourceVersion "1"]
[SourceVersionDate "2023.10.10"]
[SourceQuality "1"]

1. c4 e5 2. Nc3 Nf6 3. Nf3 Nc6 4. g3 d5 5. cxd5 Nxd5 6. Bg2 Nb6 7. 0-0 Be7 8. a3 0-0 9. b4 Be6 10. b5 Nd4 11. Rb1 Nc4 12. d3 Nxa3 13. Bxa3 Bxa3 14. Nxe5 Rb8 15. Qa4 Bc5 16. e3 Nf5 17. Rfd1 Nxe3 18. fxe3 Bxe3+ 19. Kh1 Bd4 20. Nf3 Bxc3 21. d4 b6 22. Qc2 Ba5 23. Re1 1/2-1/2

[Event "Campos do Jordao op"]
[Site "Campos do Jordao"]
[Date "2020.11.07"]
[Round "3"]
[White "Rodrigo da Silva, Edson"]
[Black "Nobre, Jailson Altair Barb"]
[Result "1-0"]
[WhiteElo "1975"]
[BlackElo "1597"]
[PlyCount "37"]
[EventDate "2020.11.06"]
[EventType "swiss"]
[EventRounds "5"]
[EventCountry "BRA"]
[SourceTitle "CBM 199 Extra"]
[Source "ChessBase"]
[SourceDate "2021.01.31"]
[SourceVersion "1"]
[SourceVersionDate "2021.01.31"]
[SourceQuality "1"]

1. d4 Nf6 2. c4 e6 3. Nc3 Bb4 4. e3 b6 5. Bd3 Bb7 6. f3 Bxc3+ 7. bxc3 0-0 8. Ne2 d6 9. 0-0 Nbd7 10. e4 e5 11. Ng3 c5 12. Nf5 Qc7 13. Qe1 Nh5 14. Qh4 Ndf6 15. g4 Nf4 16. Bxf4 exf4 17. e5 dxe5 18. g5 Ne8 19. Ne7+ 1-0

[Event "BRA-ch Amateur U2000"]
[Site "Sao Paulo"]
[Date "2017.10.13"]
[Round "3"]
[White "Da Silva, Emerson Soares"]
[Black "Rodrigo da Silva, Edson"]
[Result "1/2-1/2"]
[WhiteElo "1854"]
[BlackElo "1991"]
[PlyCount "195"]
[EventDate "2017.10.12"]
[EventType "swiss"]
[EventRounds "7"]
[EventCountry "BRA"]
[SourceTitle "EXT 2022"]
[Source "ChessBase"]
[SourceDate "2021.10.06"]
[SourceVersion "1"]
[SourceVersionDate "2021.10.06"]
[SourceQuality "1"]

1. d4 d5 2. Nf3 Nf6 3. g3 c6 4. Bg2 Bg4 5. c4 e6 6. 0-0 Nbd7 7. Nc3 Bd6 8. cxd5 exd5 9. Qd3 0-0 10. Bg5 h6 11. Bh4 g5 12. Nxg5 hxg5 13. Bxg5 Re8 14. f3 Bh5 15. e4 Bg6 16. Rae1 Be7 17. Qd1 Nf8 18. e5 Nh5 19. Bxe7 Qxe7 20. f4 Ng7 21. g4 Bh7 22. f5 Qg5 23. Qf3 Rad8 24. Qf4 Qxf4 25. Rxf4 Nd7 26. h4 f6 27. e6 Nb6 28. b3 Nc8 29. h5 Re7 30. Re3 Ne8 31. h6 Nc7 32. Na4 b6 33. Rg3 Kh8 34. g5 fxg5 35. Rxg5 Rf8 36. f6 Rxe6 37. Bh3 Re4 38. Rxe4 Bxe4 39. Rg7 Nb5 40. Be6 Nxd4 41. Bxc8 Rxc8 42. Rxa7 Rf8 43. f7 Bg6 44. Nxb6 Rxf7 45. Rxf7 Bxf7 46. Kf2 Kh7 47. Ke3 Ne6 48. b4 Bg6 49. a4 d4+ 50. Kd2 Nc7 51. Nd7 Kxh6 52. Ne5 Be4 53. a5 Na6 54. Nxc6 Bxc6 55. Kd3 Nxb4+ 56. Kxd4 Na6 57. Ke5 Kg5 58. Kd6 Bf3 59. Ke5 Bg2 60. Kd6 Kf6 61. Kd7 Ke5 62. Ke7 Kd5 63. Kf6 Kc5 64. Ke5 Kb5 65. Kd4 Kxa5 66. Kc3 Kb5 67. Kd4 Nb4 68. Ke5 Kc5 69. Ke6 Nd3 70. Kf5 Kd5 71. Kf6 Bh3 72. Kg5 Ke5 73. Kg6 Nf4+ 74. Kf7 Bf5 75. Ke7 Be6 76. Kf8 Kf6 77. Ke8 Nd5 78. Kd8 Bf5 79. Ke8 Ke6 80. Kf8 Kf6 81. Ke8 Bd3 82. Kd7 Ke5 83. Kc6 Bf5 84. Kc5 Bd7 85. Kc4 Nf4 86. Kc5 Ne6+ 87. Kc4 Ke4 88. Kc3 Kd5 89. Kd3 Nc5+ 90. Ke3 Ke5 91. Kf3 Bf5 92. Ke3 Be4 93. Kd2 Kd4 94. Ke2 Nb3 95. Kf2 Kd3 96. Kg3 Nd4 97. Kf4 Nf3 98. Kg4 1/2-1/2

[Event "BRA-ch Amateur U2000"]
[Site "Sao Paulo"]
[Date "2017.10.12"]
[Round "1"]
[White "Cardoso, Marcio de Lucca"]
[Black "Rodrigo da Silva, Edson"]
[Result "1/2-1/2"]
[WhiteElo "1864"]
[BlackElo "1991"]
[PlyCount "77"]
[EventDate "2017.10.12"]
[EventType "swiss"]
[EventRounds "7"]
[EventCountry "BRA"]
[SourceTitle "EXT 2019"]
[Source "ChessBase"]
[SourceDate "2018.10.10"]
[SourceVersion "1"]
[SourceVersionDate "2018.10.10"]
[SourceQuality "1"]

1. e4 e5 2. Nf3 Nc6 3. Bb5 a6 4. Ba4 Nf6 5. d3 b5 6. Bb3 Be7 7. 0-0 0-0 8. Re1 d6 9. c3 Na5 10. Bc2 c5 11. Nbd2 Nc6 12. Nf1 Qc7 13. Ng3 d5 14. a4 b4 15. Bg5 d4 16. cxd4 Nxd4 17. Nxd4 cxd4 18. Bb3 h6 19. Rc1 Qb6 20. Bxf6 Bxf6 21. Qh5 Be6 22. Bxe6 Qxe6 23. Rc4 a5 24. Qf5 Qe7 25. b3 g6 26. Qg4 Kh7 27. Rec1 Ra7 28. Ne2 Bg7 29. Rc6 Rd8 30. f4 h5 31. Qf3 Rd6 32. f5 Rxc6 33. Rxc6 Qd7 34. fxg6+ fxg6 35. Rc4 Qe6 36. Qh3 Qf6 37. Qf3 Qe6 38. Qh3 Qf6 39. Qf3 1/2-1/2

[Event "Sao Bernardo do Campo LXSBC fin-B"]
[Site "Sao Bernardo do Campo"]
[Date "2017.01.27"]
[Round "5"]
[White "Dos Reis, Leandro Aparecido C"]
[Black "Rodrigo da Silva, Edson"]
[Result "1/2-1/2"]
[WhiteElo "1948"]
[BlackElo "1991"]
[PlyCount "49"]
[EventDate "2017.01.21"]
[EventType "tourn"]
[EventRounds "9"]
[EventCountry "BRA"]
[SourceTitle "EXT 2018"]
[Source "ChessBase"]
[SourceDate "2017.10.13"]
[SourceVersion "1"]
[SourceVersionDate "2017.10.13"]
[SourceQuality "1"]

1. d4 d5 2. e4 dxe4 3. Nc3 Nf6 4. f3 exf3 5. Qxf3 c6 6. Be3 Bg4 7. Qf2 e6 8. h3 Bh5 9. Bd3 Nbd7 10. Nge2 Bg6 11. Bxg6 hxg6 12. 0-0-0 Bb4 13. Rhf1 Rf8 14. a3 Be7 15. Nf4 Qa5 16. Bd2 Qa6 17. Rfe1 0-0-0 18. Kb1 Nb6 19. Nd3 Nc4 20. Nc5 Nxd2+ 21. Rxd2 Bxc5 22. dxc5 Rxd2 23. Qxd2 Rd8 24. Qf4 Qa5 25. Qf2 1/2-1/2

[Event "BRA-ch Amateur U2000"]
[Site "Sao Paulo"]
[Date "2016.05.29"]
[Round "7"]
[White "Hirota da Silva, Nilton Jose"]
[Black "Rodrigo da Silva, Edson"]
[Result "1/2-1/2"]
[WhiteElo "1946"]
[BlackElo "1946"]
[PlyCount "80"]
[EventDate "2016.05.26"]
[EventType "swiss"]
[EventRounds "7"]
[EventCountry "BRA"]
[SourceTitle "EXT 2019"]
[Source "ChessBase"]
[SourceDate "2018.10.10"]
[SourceVersion "1"]
[SourceVersionDate "2018.10.10"]
[SourceQuality "1"]

1. d4 d5 2. e3 Nf6 3. f4 c5 4. Nf3 Nc6 5. c3 e6 6. Bd3 Be7 7. 0-0 Bd7 8. Ne5 0-0 9. Nd2 Rc8 10. Ndf3 Ne4 11. Nxd7 Qxd7 12. Bd2 cxd4 13. exd4 Qc7 14. Be3 Na5 15. Qe2 Nc4 16. Bxc4 Qxc4 17. Qxc4 dxc4 18. Rae1 Nf6 19. Bc1 Nd5 20. Ne5 b5 21. a3 Rfd8 22. Ng4 h5 23. Ne3 g6 24. Nxd5 Rxd5 25. g3 a5 26. h3 Kg7 27. Kg2 b4 28. axb4 axb4 29. g4 hxg4 30. hxg4 Bd6 31. Bd2 b3 32. Ra1 Bf8 33. Ra7 Bd6 34. Re1 Bb8 35. Ra4 Rdd8 36. Rh1 Rh8 37. Rxh8 Kxh8 38. Kf3 Bd6 39. g5 Kg7 40. Ke4 Rh8 1/2-1/2

[Event "BRA-ch Amateur U2000"]
[Site "Sao Paulo"]
[Date "2016.05.26"]
[Round "1"]
[White "Rodrigo da Silva, Edson"]
[Black "Filgueiras, Nathan Felipe"]
[Result "1-0"]
[WhiteElo "1946"]
[BlackElo "1838"]
[PlyCount "85"]
[EventDate "2016.05.26"]
[EventType "swiss"]
[EventRounds "7"]
[EventCountry "BRA"]
[SourceTitle "EXT 2019"]
[Source "ChessBase"]
[SourceDate "2018.10.10"]
[SourceVersion "1"]
[SourceVersionDate "2018.10.10"]
[SourceQuality "1"]

1. d4 Nf6 2. c4 e6 3. Nc3 Bb4 4. e3 b6 5. Bd3 Bb7 6. f3 d5 7. Nge2 0-0 8. 0-0 c5 9. a3 Ba5 10. Rb1 Bxc3 11. bxc3 Nbd7 12. cxd5 exd5 13. Ng3 Re8 14. Re1 h5 15. Nh1 Rc8 16. Nf2 Nf8 17. Bb2 Ne6 18. Qd2 Qc7 19. Rbd1 c4 20. Bb1 g6 21. Bc1 Kg7 22. e4 Ng8 23. e5 Bc6 24. Re2 Bd7 25. f4 Nf8 26. f5 Qc6 27. f6+ Kh8 28. Rde1 Be6 29. h3 Nh7 30. Qf4 Qd7 31. g4 h4 32. g5 Bf5 33. Bxf5 Qxf5 34. Qxh4 Qe6 35. Ng4 a6 36. Rf2 Qd7 37. Rf4 Re6 38. Nh6 Qe8 39. Nxg8 Qxg8 40. Qg3 Rc7 41. Ref1 Nf8 42. Rh4+ Nh7 43. Rff4 1-0

[Event "Sao Bernardo do Campo LXSBC op 2nd"]
[Site "Sao Bernardo do Campo"]
[Date "2015.07.25"]
[Round "3"]
[White "Rodrigo da Silva, Edson"]
[Black "Rodrigues, Leonardo De Miranda"]
[Result "0-1"]
[WhiteElo "1964"]
[BlackElo "2166"]
[PlyCount "88"]
[EventDate "2015.07.24"]
[EventType "swiss"]
[EventRounds "6"]
[EventCountry "BRA"]
[SourceTitle "EXT 2016"]
[Source "ChessBase"]
[SourceDate "2015.10.08"]
[SourceVersion "1"]
[SourceVersionDate "2015.10.08"]
[SourceQuality "1"]

1. Nf3 f5 2. d4 Nf6 3. g3 g6 4. Bg2 Bg7 5. 0-0 0-0 6. c4 d6 7. Nc3 Nc6 8. b3 e5 9. dxe5 dxe5 10. Ba3 Re8 11. Qxd8 Rxd8 12. Rad1 Bd7 13. e3 e4 14. Nd4 Ne5 15. Ndb5 Ne8 16. Be7 Rdc8 17. Ba3 a6 18. Nd4 Nf6 19. Nde2 g5 20. Nd5 Nxd5 21. Rxd5 Bc6 22. Rdd1 h6 23. Nd4 Bd7 24. h3 c5 25. Ne2 b5 26. g4 fxg4 27. Bxe4 Bc6 28. Bxc6 Rxc6 29. hxg4 bxc4 30. bxc4 Nxc4 31. Rd3 Rb8 32. Ng3 Nxa3 33. Rxa3 c4 34. Nf5 Bf6 35. e4 Kh7 36. Ne3 c3 37. Rc1 Rb2 38. Rc2 Bd4 39. Rb3 Bxe3 40. Rbxb2 cxb2 41. Rxb2 Bd4 42. Rd2 Rc4 43. Kg2 Kg6 44. Kf3 Kf6 0-1

[Event "Baeta Neves op 05"]
[Site "Baeta Neves"]
[Date "2015.05.23"]
[Round "3"]
[White "Rodrigo da Silva, Edson"]
[Black "Caldeira, Tiago Pereira"]
[Result "1-0"]
[WhiteElo "1963"]
[BlackElo "2031"]
[PlyCount "55"]
[EventDate "2015.05.22"]
[EventType "swiss"]
[EventRounds "6"]
[EventCountry "BRA"]
[SourceTitle "CBM 166 Extra"]
[Source "ChessBase"]
[SourceDate "2015.06.18"]
[SourceVersion "1"]
[SourceVersionDate "2015.06.18"]
[SourceQuality "1"]

1. d4 d5 2. c4 e6 3. Nc3 Nf6 4. cxd5 exd5 5. Bg5 c6 6. Qc2 Be7 7. e3 Nbd7 8. Bd3 0-0 9. Nge2 Re8 10. 0-0 Nf8 11. f3 Be6 12. Rad1 Rc8 13. Kh1 a6 14. Bxf6 Bxf6 15. e4 dxe4 16. fxe4 c5 17. e5 Bg5 18. d5 Bg4 19. Bf5 Bxf5 20. Qxf5 Qe7 21. d6 Qxe5 22. Qxf7+ Kh8 23. d7 Nxd7 24. Rxd7 Bf6 25. Rxb7 Qg5 26. Ng3 Rf8 27. Qc4 Be5 28. Rbf7 1-0

[Event "Sao Paulo Salles Cup 3rd"]
[Site "Sao Paulo"]
[Date "2015.03.22"]
[Round "6"]
[White "Rodrigo da Silva, Edson"]
[Black "Auriemo, Danielle Ferreira"]
[Result "1-0"]
[WhiteElo "1962"]
[BlackElo "1613"]
[PlyCount "61"]
[EventDate "2015.03.20"]
[EventType "swiss"]
[EventRounds "6"]
[EventCountry "BRA"]
[SourceTitle "CBM 165 Extra"]
[Source "ChessBase"]
[SourceDate "2015.04.21"]
[SourceVersion "1"]
[SourceVersionDate "2015.04.21"]
[SourceQuality "1"]

1. d4 d5 2. c4 c6 3. Nc3 Nf6 4. e3 e6 5. Nf3 Be7 6. Bd3 Nbd7 7. 0-0 0-0 8. b3 b6 9. Bb2 Bb7 10. Rc1 dxc4 11. bxc4 h6 12. e4 c5 13. d5 exd5 14. cxd5 a6 15. a4 Bd6 16. Ne2 Ng4 17. Ng3 Nge5 18. Nxe5 Nxe5 19. f4 Nxd3 20. Qxd3 f6 21. Nf5 Qc7 22. Qg3 Kh7 23. e5 fxe5 24. fxe5 Rxf5 25. Rxf5 Bf8 26. Rcf1 Bxd5 27. Rxf8 Rxf8 28. Rxf8 Qe7 29. Qd3+ g6 30. Rf6 Bf7 31. Qd6 1-0

[Event "Sao Paulo Salles Cup 3rd"]
[Site "Sao Paulo"]
[Date "2015.03.20"]
[Round "1"]
[White "Dutra, Liliam Guedes"]
[Black "Rodrigo da Silva, Edson"]
[Result "0-1"]
[WhiteElo "1575"]
[BlackElo "1962"]
[PlyCount "46"]
[EventDate "2015.03.20"]
[EventType "swiss"]
[EventRounds "6"]
[EventCountry "BRA"]
[SourceTitle "CBM 165 Extra"]
[Source "ChessBase"]
[SourceDate "2015.04.21"]
[SourceVersion "1"]
[SourceVersionDate "2015.04.21"]
[SourceQuality "1"]

1. d4 d5 2. c4 c6 3. Nc3 Nf6 4. cxd5 cxd5 5. Bg5 Ne4 6. Bf4 Qa5 7. Qb3 e6 8. f3 Nxc3 9. bxc3 Nc6 10. e3 Be7 11. Bd3 0-0 12. Ne2 Bf6 13. 0-0 e5 14. Bg3 Re8 15. Qc2 g6 16. e4 exd4 17. exd5 Qxd5 18. Be4 Qc4 19. Rac1 dxc3 20. Bxc6 Rxe2 21. Bd5 Qc5+ 22. Bf2 Rxf2 23. Qxf2 Bd4 0-1

[Event "Mogi das Cruzes op 09"]
[Site "Mogi das Cruzes"]
[Date "2013.09.28"]
[Round "5"]
[White "Rodrigo da Silva, Edson"]
[Black "Vieira, Alexandre Letizio"]
[Result "1/2-1/2"]
[WhiteElo "1960"]
[BlackElo "1691"]
[PlyCount "64"]
[EventDate "2013.09.26"]
[EventType "swiss"]
[EventRounds "7"]
[EventCountry "BRA"]
[SourceTitle "CBM 156 Extra"]
[Source "ChessBase"]
[SourceDate "2013.10.22"]
[SourceVersion "1"]
[SourceVersionDate "2013.10.22"]
[SourceQuality "1"]

1. d4 d5 2. c4 c6 3. Nc3 Nf6 4. e3 a6 5. Qc2 b5 6. b3 g6 7. Bd3 Bg7 8. Nf3 0-0 9. 0-0 Nbd7 10. Bb2 Bb7 11. Rad1 Qc7 12. Rfe1 Rac8 13. c5 a5 14. Ne2 Rce8 15. Ng3 Nb8 16. e4 dxe4 17. Nxe4 Nd5 18. a3 Bc8 19. h3 Bf5 20. Nc3 Bxd3 21. Qxd3 e6 22. Ne4 Nd7 23. Nd6 Nxc5 24. dxc5 Bxb2 25. Nxe8 Rxe8 26. a4 bxa4 27. bxa4 Bc3 28. Re4 Qa7 29. Rc4 Bb4 30. Rdc1 f5 31. Qc2 f4 32. Nd2 Qe7 1/2-1/2

[Event "Mogi das Cruzes op 09"]
[Site "Mogi das Cruzes"]
[Date "2013.09.28"]
[Round "4"]
[White "Van Riemsdijk, Dirk Dagobert"]
[Black "Rodrigo da Silva, Edson"]
[Result "1-0"]
[WhiteElo "2132"]
[BlackElo "1960"]
[PlyCount "77"]
[EventDate "2013.09.26"]
[EventType "swiss"]
[EventRounds "7"]
[EventCountry "BRA"]
[SourceTitle "CBM 156 Extra"]
[Source "ChessBase"]
[SourceDate "2013.10.22"]
[SourceVersion "1"]
[SourceVersionDate "2013.10.22"]
[SourceQuality "1"]

1. e4 e5 2. Nc3 Nf6 3. f4 d5 4. fxe5 Nxe4 5. Nf3 Nc6 6. d4 Bg4 7. Bb5 Bb4 8. Qd3 0-0 9. Bxc6 bxc6 10. 0-0 Nxc3 11. bxc3 Be7 12. Qa6 c5 13. Ba3 cxd4 14. cxd4 Bxa3 15. Qxa3 a5 16. Qc5 Qd7 17. Rab1 Ra6 18. Ng5 Qd8 19. Nf3 Qd7 20. Qb5 Rc6 21. e6 Qxe6 22. Rbe1 Rb6 23. Qxa5 Qd6 24. Ne5 Be6 25. Qd2 c5 26. c3 f6 27. Nd3 cxd4 28. cxd4 Bf7 29. Nc5 Rbb8 30. a4 Rfe8 31. a5 Bg6 32. a6 Be4 33. Qa2 f5 34. g3 h6 35. Re3 Kh8 36. Qa4 Re7 37. Rb3 Rf8 38. Rb7 Ref7 39. a7 1-0

[Event "Sao Paulo IRT op 3rd"]
[Site "Sao Paulo"]
[Date "2013.09.07"]
[Round "3"]
[White "Rodrigo da Silva, Edson"]
[Black "Aranha Filho, Alvaro Zimmermann"]
[Result "0-1"]
[WhiteElo "1960"]
[BlackElo "2240"]
[PlyCount "84"]
[EventDate "2013.09.06"]
[EventType "swiss"]
[EventRounds "6"]
[EventCountry "BRA"]
[SourceTitle "CBM 156 Extra"]
[Source "ChessBase"]
[SourceDate "2013.10.22"]
[SourceVersion "1"]
[SourceVersionDate "2013.10.22"]
[SourceQuality "1"]

1. Nf3 c5 2. c4 Nc6 3. Nc3 e5 4. g3 g6 5. Bg2 Bg7 6. 0-0 Nge7 7. e4 d6 8. d3 0-0 9. Ne1 Be6 10. Be3 Qd7 11. Qd2 Nd4 12. Bh6 Rab8 13. Bxg7 Kxg7 14. Nc2 Nxc2 15. Qxc2 Nc6 16. Qd2 Nd4 17. Ne2 Nxe2+ 18. Qxe2 b5 19. b3 a5 20. Qd2 a4 21. f4 f6 22. h4 bxc4 23. bxc4 Rb4 24. Qf2 Qe7 25. f5 Bg8 26. fxg6 hxg6 27. Qd2 Be6 28. Rf2 Rfb8 29. Raf1 Rb1 30. Kh2 Rxf1 31. Bxf1 Rb4 32. Be2 Qd7 33. Bf3 Qb7 34. g4 a3 35. g5 Qe7 36. Qc1 fxg5 37. hxg5 Rb8 38. Kg3 Rb2 39. Qe3 Qd8 40. Bd1 Qh8 41. Bg4 Bxg4 42. Kxg4 Rxf2 0-1

[Event "Sao Paulo Braga Memorial 2nd"]
[Site "Sao Paulo"]
[Date "2013.07.13"]
[Round "9"]
[White "Rodrigo da Silva, Edson"]
[Black "Madeira, Wagner Martins"]
[Result "0-1"]
[WhiteElo "2000"]
[BlackElo "2231"]
[PlyCount "56"]
[EventDate "2013.07.05"]
[EventType "swiss"]
[EventRounds "9"]
[EventCountry "BRA"]
[SourceTitle "CBM 155 Extra"]
[Source "ChessBase"]
[SourceDate "2013.08.26"]
[SourceVersion "1"]
[SourceVersionDate "2013.08.26"]
[SourceQuality "1"]

1. d4 f5 2. Nc3 d5 3. Bg5 Nf6 4. f3 c5 5. e3 e6 6. Nh3 Nc6 7. Qd2 a6 8. a3 b5 9. Rd1 h6 10. Bh4 g5 11. Bf2 Bb7 12. Be2 Rg8 13. Nb1 Qd7 14. c3 c4 15. Qc2 Bd6 16. Nd2 Qc7 17. e4 g4 18. Ng1 dxe4 19. fxe4 Nxe4 20. Nxe4 fxe4 21. Bf1 Ne7 22. Ne2 Nf5 23. Qd2 0-0-0 24. h3 gxh3 25. Rxh3 e3 26. Bxe3 Bxg2 27. Rxh6 Bxf1 28. Kxf1 Qf7 0-1

[Event "Sao Paulo Braga Memorial 2nd"]
[Site "Sao Paulo"]
[Date "2013.07.10"]
[Round "6"]
[White "Ikejiri, Daniel Yoshito"]
[Black "Rodrigo da Silva, Edson"]
[Result "0-1"]
[WhiteElo "1938"]
[BlackElo "2000"]
[PlyCount "114"]
[EventDate "2013.07.05"]
[EventType "swiss"]
[EventRounds "9"]
[EventCountry "BRA"]
[SourceTitle "CBM 155 Extra"]
[Source "ChessBase"]
[SourceDate "2013.08.26"]
[SourceVersion "1"]
[SourceVersionDate "2013.08.26"]
[SourceQuality "1"]

1. d4 d5 2. Nf3 c5 3. c3 Nc6 4. Bf4 Qb6 5. Qb3 c4 6. Qxb6 axb6 7. Nbd2 b5 8. e4 e6 9. Be2 b4 10. 0-0 Nf6 11. Ne5 Be7 12. Nxc6 bxc6 13. e5 Nd7 14. cxb4 Bxb4 15. Nb1 c5 16. Be3 cxd4 17. Bxd4 Nc5 18. Nc3 Bd7 19. Rad1 Na4 20. Nxa4 Bxa4 21. Rc1 Bd2 22. Ra1 0-0 23. f4 Rfc8 24. Bd1 Bxd1 25. Raxd1 c3 26. Bxc3 Bxc3 27. bxc3 Rxc3 28. Rc1 Rxc1 29. Rxc1 g5 30. fxg5 Rxa2 31. Re1 Kg7 32. h4 Ra4 33. g3 Ra2 34. Kf1 Kg6 35. Rc1 Ra4 36. Kf2 Re4 37. Kf3 Rxe5 38. g4 Re4 39. Rc8 h6 40. gxh6 Kxh6 41. Rc7 Kg7 42. Rd7 Re1 43. Kf4 Kf6 44. Rd8 e5+ 45. Kf3 d4 46. Rd5 Re3+ 47. Kg2 d3 48. h5 Kg5 49. Kf2 Kf4 50. Rd7 Rf3+ 51. Kg2 Kxg4 52. h6 Rh3 53. Rxf7 Rxh6 54. Kf2 Rh3 55. Rf8 e4 56. Rd8 Rf3+ 57. Kg2 Kf4 0-1

[Event "Sao Paulo Braga Memorial 2nd"]
[Site "Sao Paulo"]
[Date "2013.07.09"]
[Round "5"]
[White "Rodrigo da Silva, Edson"]
[Black "Utiyama, Marcel Heimar Ribei"]
[Result "0-1"]
[WhiteElo "2000"]
[BlackElo "2185"]
[PlyCount "74"]
[EventDate "2013.07.05"]
[EventType "swiss"]
[EventRounds "9"]
[EventCountry "BRA"]
[SourceTitle "CBM 155 Extra"]
[Source "ChessBase"]
[SourceDate "2013.08.26"]
[SourceVersion "1"]
[SourceVersionDate "2013.08.26"]
[SourceQuality "1"]

1. d4 Nf6 2. c4 g6 3. Nc3 d5 4. cxd5 Nxd5 5. e4 Nxc3 6. bxc3 Bg7 7. Nf3 c5 8. Rb1 0-0 9. Be2 Nc6 10. d5 Ne5 11. Nxe5 Bxe5 12. Qd2 e6 13. f4 Bc7 14. 0-0 exd5 15. exd5 Ba5 16. d6 Rb8 17. Bf3 c4 18. Kh1 b5 19. a4 Bf5 20. Rxb5 Rxb5 21. axb5 Bd3 22. Be2 Qxd6 23. Bxd3 Qxd3 24. Qxd3 cxd3 25. Bd2 Rc8 26. Ra1 Bb6 27. Rd1 Rc5 28. Rb1 f5 29. g3 Kf7 30. Kg2 Ke6 31. Rb3 Rc4 32. Kf3 Kd5 33. Be3 Re4 34. Bxb6 d2 35. Rb1 Re1 36. Be3 Rxb1 37. Bxd2 Rxb5 0-1